000 00847nam a2200229 a 4500
001 000047482
005 20201002060549.0
008 130911s2017 dr r 000 0 spa d
020 _a9789945503067
040 _aDO-SdBNP
_bspa
_cBNPHU
082 _axxxx
_bE77c
100 1 _aEspinal, Zacarías
_d1901-1933
_975102
245 1 0 _aCrepúsculo perplejo :
_b[obra poética] /
_cZacarías Espinal ; introducción Ligia de Hoetink.
260 _aSanto Domingo :
_bMinisterio de Cultura
_bNacional,
_c2017.
300 _a116 p. ;
_c20 cm.
490 1 _aBiblioteca Dominicana Básica
_v4
500 _aIncluye datos biografícos del autor en la contracubierta.
500 _aIncluye notas a pie de páginas
590 _aInventariado, 2018/ YL
700 1 _aEspinal Hoetink, Ligia de,
_eintr.
_975103
830 0 _aBiblioteca Dominicana Básica
_n4
_975104
999 _c46970
_d46970